000 00700nam a2200205 a 4500
001 000003557
003 DO-SdBNP
005 20220901094907.0
007 ta
008 090710s2004 dr 000 0 spa d
040 _aDO-SdBNP
_bspa
_cBNPHU
082 4 _bN714p
_222
100 1 _aNina Ortíz, Carlos
_910992
245 1 4 _aLas profesías de Daniel 12 y el tiempo del fin :
_buna profecía es una interpretación anticipada de la historia, un anuncio que se convierte en realidad social /
_cCarlos Nina Ortíz.
260 _aSanto Domingo :
_b[s.n],
_c2004.
300 _a109 p. ;
_c22 cm.
500 _aIncluye referencias bibliográficas (p. 110-111) e índice
910 _aDG
942 _2ddc
_cLBS1
999 _c3382
_d3382